Deadliest Wars - Statistics

General Stats
  • This quiz has been taken 28 times
  • The average score is 5 of 12
Answer Stats
Hint Answer % Correct
1939-1945, 120 million World War II
100%
1914 to 1918, 18 million World War I
96%
1803-1815, 3.5 to 6 million Napoleonic Wars
56%
1937-1945, 29 million The Second Sino-Japanese War
48%
1917-1922, 9 million The Russian Civil War
44%
1618-1648, 8 million The Thirty Years’ War
44%
1850-1864, 20 to 30 million Taiping Rebellion
26%
1927, 8 million The Chinese Civil War
26%
1998-2003, ~5.4 million~ The Second Congo War
19%
755 A.D.-763 A.D., 36 million An Lushan Rebellion
4%
19th Century, 20 million The Dungan Revolt
4%
1618-1683, 65 million The Qing Dynasty Conquest of the Ming Dynasty
0%
No matching quizzes found
Score Distribution
Percent of People with Each Score
Percentile by Number Answered
Your Score History
You have not taken this quiz